000 00556nam a2200205 a 4500
001 20235
003 CO-ViMGA
008 141112s2004 ck r 000 u spa d
020 _a9802572535
040 _aCO-ViMGA
_bspa
_cCO-ViMGA
082 0 4 _aLOBb
100 1 _aLobel, Arnold
_952216
245 1 0 _aBuho en casa
260 _aCaracas :
_bEdiciones Ekare,
_c2000
300 _a64 p.
490 _aColección Primeras lecturas
590 _aForma de adquisición : Premio Mincultura
650 1 4 _aCUENTOS INFANTILES ESTADOUNIDENSES
_9823
942 _2ddc
_cBK
999 _c8197
_d8197